Revisión de la ordenación legal sobre inversiones extranjeras / (Record no. 70897)

MARC details
000 -LEADER
campo de control de longitud fija 00789nam a2200205 i 4500
001 - NÚMERO DE CONTROL
campo de control 70897
003 - IDENTIFICADOR DE NÚMERO DE CONTROL
campo de control ES-MaACL
005 - FECHA Y HORA DE LA ÚLTIMA TRANSACCIÓN
campo de control 20231218175654.0
007 - CAMPO FIJO DE DESCRIPCIÓN FÍSICA--INFORMACIÓN GENERAL
campo de control de longitud fija t|
008 - DATOS DE LONGITUD FIJA--INFORMACIÓN GENERAL
campo de control de longitud fija 040804s1962 sp ||||1| spa d
100 1# - ENTRADA PRINCIPAL--NOMBRE DE PERSONA
Nombre de persona Garrigues Walker, Antonio,
Fechas asociadas al nombre 1934-
9 (RLIN) 55772
245 10 - MENCIÓN DEL TÍTULO
Título Revisión de la ordenación legal sobre inversiones extranjeras /
Mención de responsabilidad, etc. J. & A. Garrigues (Antonio Garrigues Walker en colaboración con José Fernandez García y Antonio Barragan Lozano.
260 ## - PUBLICACIÓN, DISTRIBUCIÓN, ETC.
Lugar de publicación, distribución, etc. Madrid :
Nombre del editor, distribuidor, etc. [s.n.,
Fecha de publicación, distribución, etc. 1962] (
Fabricante Silverio Aguirre)
300 ## - DESCRIPCIÓN FÍSICA
Extensión 135 p. ;
Dimensiones 25 cm.
650 04 - PUNTO DE ACCESO ADICIONAL DE MATERIA--TÉRMINO DE MATERIA
Término de materia o nombre geográfico como elemento de entrada Inversiones extranjeras-
Subdivisión geográfica España.
9 (RLIN) 13889
700 1# - ENTRADA AGREGADA--NOMBRE PERSONAL
Nombre de persona Fernández García, José.
9 (RLIN) 49810
700 1# - ENTRADA AGREGADA--NOMBRE PERSONAL
Nombre de persona Barragán Lozano, Antonio.
9 (RLIN) 25828
852 ## - LOCALIZACIÓN
Ubicación ES-MaACL
Número de control de estantería C-25209
Sublocalización o colección R.50564
Holdings
Estatus retirado Estado de pérdida Estado de daño No para préstamo Biblioteca de origen Biblioteca actual Ubicación en estantería Fecha de adquisición Fuente de adquisición Total de préstamos Signatura topográfica completa Código de barras Visto por última vez Precio de reemplazo Tipo de ítem Koha
        Biblioteca del Ateneo de Madrid Biblioteca del Ateneo de Madrid Depósito 2 17/01/2008     C-25209 1074243 23/02/2023 23/02/2023 Libro impreso